Statistiques concernant Athlétisme: disciplines olympiques

Cliquez ici pour prendre le quiz!

Statistiques générales

  • Ce quiz a été pris 743 fois
  • Le résultat moyen est 22 sur 26

Statistiques - réponses

Type d'épreuveRéponse% Correct
Sprint100m
99%
Sprint200m
98%
Sprint400m
98%
SautHauteur
96%
LancerJavelot
95%
SautLongueur
94%
LancerPoids
94%
LancerDisque
91%
LancerMarteau
91%
SautPerche
89%
SautTriple saut
88%
Demi-fond1500m
87%
Demi-fond800m
87%
Fond10000m
85%
Relais4x100m
84%
Fond5000m
84%
Course d'obstacle110m haies
81%
Relais4x400m
81%
Epreuves combinesDecathlon
80%
FondMarathon
75%
Course d'obstacle400m haies
73%
Marche50km
71%
Epreuves combinesHeptathlon
70%
Course d'obstacle100m haies
69%
Course d'obstacle3000m steeple
68%
Marche20km
66%

Distribution des résultats

Percentile par nombre de réponses

% des personnes avec chaque résultat

Votre développement - résultats

Vous n’avez pas pris ce quiz